ARRUPE JESUIT UNIVERSITY

CORONAVIRUS -STOP THE SPREAD - CLEAN,DISINFECT,COVER

History, the human, and the world between (Record no. 123417)

MARC details
000 -LEADER
fixed length control field 01555cam a22004214a 4500
001 - CONTROL NUMBER
control field 10703551
003 - CONTROL NUMBER IDENTIFIER
control field ARRUPE
005 - DATE AND TIME OF LATEST TRANSACTION
control field 20160112111127.0
006 - FIXED-LENGTH DATA ELEMENTS--ADDITIONAL MATERIAL CHARACTERISTICS--GENERAL INFORMATION
fixed length control field m d
007 - PHYSICAL DESCRIPTION FIXED FIELD--GENERAL INFORMATION
fixed length control field cr n
008 - FIXED-LENGTH DATA ELEMENTS--GENERAL INFORMATION
fixed length control field 071101s2008 ncu sb 001 0 eng d
015 ## - NATIONAL BIBLIOGRAPHY NUMBER
National bibliography number GBA854475
Source bnb
016 7# - NATIONAL BIBLIOGRAPHIC AGENCY CONTROL NUMBER
Record control number 014584049
Source Uk
020 ## - INTERNATIONAL STANDARD BOOK NUMBER
International Standard Book Number 9780822339540 (cloth : alk. paper)
020 ## - INTERNATIONAL STANDARD BOOK NUMBER
International Standard Book Number 0822339544 (cloth : alk. paper)
020 ## - INTERNATIONAL STANDARD BOOK NUMBER
International Standard Book Number 9780822339656 (pbk. : alk. paper)
020 ## - INTERNATIONAL STANDARD BOOK NUMBER
International Standard Book Number 082233965X (pbk. : alk. paper)
035 ## - SYSTEM CONTROL NUMBER
System control number (WaSeSS)ssj0000390602
040 ## - CATALOGING SOURCE
Original cataloging agency DLC
Transcribing agency DLC
Modifying agency BTCTA
-- BAKER
-- YDXCP
-- UKM
-- C#P
-- DLC
-- WaSeSS
050 #4 - LIBRARY OF CONGRESS CALL NUMBER
Classification number HM494
Item number .R33 2008
082 00 - DEWEY DECIMAL CLASSIFICATION NUMBER
Classification number 301
Edition number 22
300 ## - PHYSICAL DESCRIPTION
Dimensions 24cm.
100 1# - MAIN ENTRY--PERSONAL NAME
Personal name Radhakrishnan, R.
Fuller form of name (Rajagopalan)
9 (RLIN) 19909
210 10 - ABBREVIATED TITLE
Abbreviated title History, the human, and the world between
245 10 - TITLE STATEMENT
Title History, the human, and the world between
Statement of responsibility, etc R. Radhakrishnan.
260 ## - PUBLICATION, DISTRIBUTION, ETC. (IMPRINT)
Place of publication, distribution, etc Durham :
Name of publisher, distributor, etc Duke University Press,
Date of publication, distribution, etc c2008.
300 ## - PHYSICAL DESCRIPTION
Extent x, 285p.;
504 ## - BIBLIOGRAPHY, ETC. NOTE
Bibliography, etc Includes bibliographical references (p. [267]-279) and index.
505 0# - FORMATTED CONTENTS NOTE
Formatted contents note Revisionism and the subject of history -- Edward Said and the politics of secular humanism -- Worlding, by any other name.
506 ## - RESTRICTIONS ON ACCESS NOTE
Terms governing access License restrictions may limit access.
650 #0 - SUBJECT ADDED ENTRY--TOPICAL TERM
Topical term or geographic name as entry element Phenomenological sociology.
9 (RLIN) 19910
650 #0 - SUBJECT ADDED ENTRY--TOPICAL TERM
Topical term or geographic name as entry element Poststructuralism.
9 (RLIN) 19911
650 #0 - SUBJECT ADDED ENTRY--TOPICAL TERM
Topical term or geographic name as entry element Humanism.
9 (RLIN) 19912
650 #0 - SUBJECT ADDED ENTRY--TOPICAL TERM
Topical term or geographic name as entry element Identity (Psychology)
9 (RLIN) 19913
650 #0 - SUBJECT ADDED ENTRY--TOPICAL TERM
Topical term or geographic name as entry element Nature and nurture.
9 (RLIN) 9108
773 #0 - HOST ITEM ENTRY
Title e-Duke Books Scholarly Collection 2008
910 ## - USER-OPTION DATA (OCLC)
User-option data Library of Congress record
942 ## - ADDED ENTRY ELEMENTS (KOHA)
Source of classification or shelving scheme Library of Congress Classification
Koha item type Monograph ( Printed materials)
Holdings
Withdrawn status Lost status Source of classification or shelving scheme Damaged status Not for loan Collection code Home library Current library Shelving location Date acquired Total Checkouts Full call number Barcode Date last seen Price effective from Koha item type
    Library of Congress Classification     Main Collection ARRUPE LIBRARY ARRUPE LIBRARY Main Collection 15/09/2015   HM494.R33 2008 46500005381 30/04/2018 15/09/2015 Monograph ( Printed materials)

 

Arrupe Library. PO Box MP320 Mt Pleasant, Harare, Zimbabwe
263 242 745411|librarian@aju.ac.zw